LEADER 01209nam0 22002893i 450 001 PAL0121581 005 20231121125604.0 020 $aIT$b1929 5688 100 $a20141027d1929 ||||0itac50 ba 101 | $aita 102 $ait 181 1$6z01$ai $bxxxe 182 1$6z01$an 200 1 $a˜Il œcarme natalizio nella poesia latina$econ una parte introduttiva sui precedenti del carme in Grecia, due appendici e un indice-prospetto e un'antologia ad uso delle scuole$fEmanuele Cesareo 210 $aPalermo$csc. tip. sales. Orfani guerra$d1929 215 $aII, 229 p.$d25 cm. 606 $aPoesia latina$xTemi [:] Nascita$2FIR$3RMLC424707$9N 676 $a871.01$9Poesia latina. Origini-500$v21 700 1$aCesareo$b, Emanuele$3PALV044226$4070$0164294 801 3$aIT$bIT-01$c20141027 850 $aIT-FR0017 899 $aBiblioteca umanistica Giorgio Aprea$bFR0017 $eN 912 $aPAL0121581 950 0$aBiblioteca umanistica Giorgio Aprea$d 52DFA A 200$e 52FLS0000347555 VMC RF Con dedica autografa dell'A.$fB $h20141027$i20141027 977 $a 52 996 $aCarme natalizio nella poesia latina$93612434 997 $aUNICAS LEADER 01188nam2 22003013i 450 001 UBO0275645 005 20251003044419.0 010 $a0132613484 010 $a0138487146 100 $a19970923d1997 ||||0itac50 ba 101 | $aeng 102 $aus 181 1$6z01$ai $bxxxe 182 1$6z01$an 200 1 $aˆ3: ‰Client-server programming and applications$eWindows sockets version$fDouglas E. Comer and David L. Stevens 210 $aEnglewood Cliffs, NJ$cPrentice Hall$dc1997 215 $aXXVI, 513 p.$d24 cm. 461 1$1001UFI0096571$12001 $aInternetworking with TCP/IP$fDouglas E. Comer, David L. Stevens$v3 700 1$aComer$b, Douglas E.$3MILV107905$4070$021082 701 1$aStevens$b, David L.$3MILV112079$4070$062432 790 1$aComer$b, Douglas$3CFIV229197$zComer, Douglas E. 801 3$aIT$bIT-000000$c19970923 850 $aIT-BN0095 912 $aUBO0275645 950 2$aBiblioteca Centralizzata di Ateneo$cv. 1-3$d 01SALA DING 004.6 COM.in$e 0102 0000029645 VMA (0003 v. 3$fY $h20080428$i20080428 977 $a 01 996 $aClient-server programming and applications$9103012 997 $aUNISANNIO